书目信息 |
| 题名: |
道德真经广圣义校理
|
|
| 作者: | 杜光庭 述 ;周作明 校理 | |
| 分册: | 下 | |
| 出版信息: | 北京 中华书局 2020 |
|
| 页数: | 2册(11,843页) | |
| 开本: | 21cm | |
| 丛书名: | ||
| 单 册: | ||
| 中图分类: | B223.15 | |
| 科图分类: | ||
| 主题词: | 道家--dao jia | |
| 电子资源: | ||
| ISBN: | 978-7-101-14565-6 | |
| 000 | 01102nam0 2200265 450 | |
| 001 | 2131054008 | |
| 005 | 20211031084619.87 | |
| 010 | @a978-7-101-14565-6@dCNY39.50(全2册79.00) | |
| 100 | @a20200922d2020 em y0chiy0120 ea | |
| 101 | 0 | @achi |
| 102 | @aCN@b110000 | |
| 105 | @ay z 000yy | |
| 106 | @ar | |
| 200 | 1 | @a道德真经广圣义校理@Adao de zhen jing guang sheng yi jiao li@h下@f(唐)杜光庭述@g周作明校理 |
| 210 | @a北京@c中华书局@d2020 | |
| 215 | @a2册(11,843页)@d21cm | |
| 300 | @a道教典籍选刊 国家古籍整理出版专项经费资助项目 全国高等院校古籍整理研究工作委员会规划项目 国家民委少数民族哲学思想与文化传承创新研究基地资助项目 | |
| 330 | @a本书在汇集、评判汉唐以来各种老学思想的基础上,总结方法,别立新解,特别是站在道教的立场上,从玄学与佛学中寻找道教可资借鉴的理论资源,自觉融会各种思想,进行理论创新,引文丰富,论证翔实。 | |
| 605 | @a《道德经》@Adao de jing@x研究 | |
| 606 | 0 | @a道家@Adao jia |
| 690 | @aB223.15@v5 | |
| 701 | 0 | @c(唐)@a杜光庭@Adu guang ting@4述 |
| 702 | 0 | @a周作明@Azhou zuo ming@4校理 |
| 801 | 0 | @aCN@b百万庄@c20211029 |
| 905 | @b1313423-26@dB223.15@e1021:2@f4 | |
| 道德真经广圣义校理.下/(唐)杜光庭述/周作明校理.-北京:中华书局,2020 |
| 2册(11,843页);21cm |
| 道教典籍选刊 国家古籍整理出版专项经费资助项目 全国高等院校古籍整理研究工作委员会规划项目 国家民委少数民族哲学思想与文化传承创新研究基地资助项目 |
| ISBN 978-7-101-14565-6:CNY39.50(全2册79.00) |
| 本书在汇集、评判汉唐以来各种老学思想的基础上,总结方法,别立新解,特别是站在道教的立场上,从玄学与佛学中寻找道教可资借鉴的理论资源,自觉融会各种思想,进行理论创新,引文丰富,论证翔实。 |
| ● |
| 相关链接 |
|
|
|
|
正题名:道德真经广圣义校理
索取号:B223.15/1021:2
 
预约/预借
| 序号 | 登录号 | 条形码 | 馆藏地/架位号 | 状态 | 备注 |
| 1 | 1313423 | 213134231 | 第一样本阅览室/ [索取号:B223.15/1021:2] | 在馆 | |
| 2 | 1313424 | 213134240 | 第一借阅区/ [索取号:B223.15/1021:2] | 在馆 | |
| 3 | 1313425 | 213134259 | 第一借阅区/ [索取号:B223.15/1021:2] | 在馆 | |
| 4 | 1313426 | 213134268 | 第一借阅区/ [索取号:B223.15/1021:2] | 在馆 |